A bólyi Mezőgazdasági Kombinát anyaggazdálkodási rendszerének továbbfejlesztése IBM PC-k segítségével

Elmentve itt :
Bibliográfiai részletek
Szerző: Tokay Péter
További közreműködők: nincs megadva (Témavezető)
Dokumentumtípus: Szakdolgozat
Megjelent: 1990
Tárgyszavak:
Online Access:http://diploma.bibl.u-szeged.hu/910
LEADER 00595nta a2200157 i 4500
001 dipl910
005 20120326121947.0
008 110421s1990 hu om 0|| hun d
040 |a SZTE Diploma Repozitórium  |b hun 
041 |a hun 
100 1 |a Tokay Péter 
245 1 2 |a A bólyi Mezőgazdasági Kombinát anyaggazdálkodási rendszerének továbbfejlesztése IBM PC-k segítségével  |h [elektronikus dokumentum] /  |c Péter Tokay 
260 |c 1990 
650 4 |a Informatika 
700 1 |a nincs megadva  |e ths 
856 4 0 |u http://diploma.bibl.u-szeged.hu/id/eprint/910/1/1990_tokay_peter_90_75.pdf  |z Dokumentum-elérés